|
|
|
|
| LEADER |
00619cam a2200193 7i4500 |
| 001 |
0000025060 |
| 005 |
20101101090000.0 |
| 020 |
0 |
0 |
|a 978-1-4221-6695-6
|
| 090 |
0 |
0 |
|a B 658.4012091724
|b PAL
|
| 100 |
1 |
0 |
|a Palepu
|
| 245 |
1 |
0 |
|a Winning in emerging markets :
|b a road map for strategy and execution.
|
| 260 |
0 |
0 |
|a Boston:
|b Harvard Business Press,
|c 2010.
|
| 300 |
# |
# |
|a 247 p.
|
| 650 |
0 |
0 |
|a Commerce
|
| 650 |
0 |
0 |
|a International business enterprises
|
| 650 |
0 |
0 |
|a Marketing --
|x Management
|
| 650 |
0 |
0 |
|a Globalization --
|x Economic aspects
|
| 700 |
1 |
1 |
|a Khanna,
|h Tarun
|
| 999 |
|
|
|a B000027814
|b Book
|c Book
|e Business Information Centre
|